| 000 | 00699nam a2200157 a 4500 | ||
|---|---|---|---|
| 008 | 120416s1980 ||||||||||||||||| || u | ||
| 020 | _a0750633727 | ||
| 050 | _aQC 21.2 Lan | ||
| 100 | _aLandau, L. D | ||
| 245 | 1 | 0 | _aStatistical physics, part 1: v.5 of course of theoretical physics.(3rd ed.) |
| 250 | _a3rd ed. | ||
| 260 |
_aOxford _bButterworth-Heinemann _c1980 |
||
| 350 | _a0.00 | ||
| 995 |
_aMAIN LIBRARY OPEN ACCESS _D0.00 _e028817 _FCBU-MAIN LIBRARY (Kitwe) _H1 _I20.00 _jQC 21.2 Lan _UAVAILABLE _y028817 _ZMain Library Open Access Collection |
||
| 995 |
_aMAIN LIBRARY OPEN ACCESS _D0.00 _e38259 _FCBU-MAIN LIBRARY (Kitwe) _H2 _I20.00 _jQC 21.2 Lan _UAVAILABLE _y38259 _ZMain Library Open Access Collection |
||
| 999 |
_c76777 _d76777 |
||